000
00304nam a2200133Ia 4500
008
191201s2005 xx 000 0 und d
100
_a
SHARMA, J K
245
0
_a
Discrete Mathematics
250
_a
2nd
260
_a
N.Delhi
_b
Macmillan
_c
2005
300
_a
502
650
_a
B.Tech(CSE)
942
_2
ddc
_c
BK
999
_c
1794
_d
1794